Tampa Bay Lightning 2025-2026 Roster - Statistics

General Stats
  • This quiz has been taken 22 times
    19 since last reset
  • The average score is 15 of 33
Answer Stats
Jersey # Pos Player % Correct
21 C Brayden Point
92%
86 RW Nikita Kucherov
92%
77 D Victor Hedman
92%
88 G Andrei Vasilevskiy
85%
38 LW Brandon Hagel
85%
71 C Anthony Cirelli
77%
59 C Jake Guentzel
77%
20 LW Nick Paul
77%
81 D Erik Cernak
69%
90 D J.J. Moser
69%
31 G Jonas Johansson
69%
22 RW Oliver Bjorkstrand
69%
37 C Yanni Gourde
69%
43 D Darren Raddysh
62%
27 D Ryan McDonagh
62%
28 C Zemgus Girgensons
62%
14 C Conor Geekie
54%
17 C Dominic James
38%
78 D Emil Lilleberg
38%
41 RW Mitchell Chaffee
38%
62 C Jack Finley
31%
93 C Gage Goncalves
23%
24 D Max Crozier
23%
29 RW Pontus Holmberg
23%
51 D Charle-Edouard D'Astous
15%
53 LW Dylan Duke
15%
67 D Declan Carlile
8%
39 G Pheonix Copley
8%
46 RW Scott Sabourin
8%
61 LW Boris Katchouk
0%
8 RW Niko Huuhtanen
0%
76 D Roman Schmidt
0%
19 LW Wojciech Stachowiak
0%
No matching quizzes found
Score Distribution
Percent of People with Each Score
Percentile by Number Answered
Your Score History
You have not taken this quiz since the last reset